000 00814nam a22002537a 4500
001 6941
003 FISKH
005 20250805080915.0
008 250611b cb ||||| |||| 00| 0 eng d
020 _a9780439224062
040 _aFISKH
_beng
_cFISKH
_dFISKH
050 _aPS2609 .A1
082 _a811.3
100 _aPoe, Edgar Allan
245 _aThe Raven and other poems /
_cBy Edgar Allan Poe With an introduction by Phipip Pullman
260 _aNew York :
_bScholastic ,
_c2000.
300 _a73 pages :
_billustrations ;
_c17 cm .
520 _aA collection of twenty-six poems by nineteenth-century American poet Edgar Allen Poe.
650 _aPoetry
_vAmerican poetry
650 _aPoem
_vAmerican literature
700 _aPullman, Philip
_eIntroducer
942 _2ddc
_cBK
_n0
999 _c6941
_d6941